[Event "Scarborough CC ch Reserves"]
[Site "Toronto CAN"]
[Date "2012.03.29"]
[Round "2"]
[White "Yie, Kevin Yi Xiao"]
[Black "Vyravanathan, Sobiga"]
[Result "1-0"]
[WhiteElo "1678"]
[BlackElo "1535"]
[PlyCount "79"]
[GameId "2160767909510102"]
[EventDate "2012.03.22"]
[EventType "swiss"]
[EventRounds "9"]
[EventCountry "CAN"]
[SourceTitle "EXT 2022"]
[Source "ChessBase"]
[SourceDate "2021.10.06"]
[SourceVersion "1"]
[SourceVersionDate "2021.10.06"]
[SourceQuality "1"]

1. d4 Nf6 2. Nf3 e6 3. Bf4 Nc6 4. e3 Be7 5. Be2 d6 6. Nbd2 Nh5 7. Bg3 Nxg3 8. hxg3 Bd7 9. Rc1 Bf6 10. c3 Qb8 11. Ne4 Be7 12. Kf1 Qd8 13. Bd3 f5 14. Ned2 Bf6 15. Be2 Qe7 16. Ne1 g6 17. Nd3 Rg8 18. Kg1 b6 19. Nf4 d5 20. Nf3 Kd8 21. Bb5 Na5 22. Bxd7 Qxd7 23. Nd3 Nc4 24. b3 Nd6 25. Nfe5 Bxe5 26. Nxe5 Qg7 27. c4 Ne4 28. cxd5 exd5 29. Qc2 g5 30. Qc6 Rc8 31. Qxd5+ Nd6 32. Nc6+ Ke8 33. Qe6+ Kf8 34. Rh6 Re8 35. Rf6+ Nf7 36. Qxf5 Rh8 37. Ne5 Re7 38. Nxf7 Rxf7 39. Qc8+ Ke7 40. Re6# 1-0

[Event "Scarborough CC ch Reserves"]
[Site "Toronto CAN"]
[Date "2012.03.29"]
[Round "2"]
[White "Zotkin, Daniel"]
[Black "Rutherdale, William"]
[Result "1-0"]
[WhiteElo "1747"]
[BlackElo "1658"]
[PlyCount "57"]
[GameId "2160767909510103"]
[EventDate "2012.03.22"]
[EventType "swiss"]
[EventRounds "9"]
[EventCountry "CAN"]
[SourceTitle "EXT 2022"]
[Source "ChessBase"]
[SourceDate "2021.10.06"]
[SourceVersion "1"]
[SourceVersionDate "2021.10.06"]
[SourceQuality "1"]

1. b3 e5 2. Bb2 Nc6 3. e3 Nf6 4. Bb5 d6 5. d4 exd4 6. Bxd4 Be7 7. Bxc6+ bxc6 8. Nf3 Ba6 9. c4 d5 10. Nbd2 O-O 11. O-O c5 12. Bc3 c6 13. Ne5 Qc7 14. f4 Rfe8 15. g4 Rad8 16. g5 Ne4 17. Nxe4 dxe4 18. Qh5 Bd6 19. Kh1 Bc8 20. Rg1 Bxe5 21. Bxe5 Qd7 22. Rad1 Qh3 23. Qxh3 Bxh3 24. Bd6 Bg4 25. Rxg4 Re6 26. f5 Rexd6 27. Rxd6 Rxd6 28. Rxe4 Kf8 29. Re5 1-0

[Event "Scarborough CC ch Reserves"]
[Site "Toronto CAN"]
[Date "2012.04.05"]
[Round "3"]
[White "Aghamalian, Leonid"]
[Black "Mourgelas, James"]
[Result "1-0"]
[WhiteElo "1415"]
[BlackElo "1445"]
[PlyCount "67"]
[GameId "2160767909510104"]
[EventDate "2012.03.22"]
[EventType "swiss"]
[EventRounds "9"]
[EventCountry "CAN"]
[SourceTitle "EXT 2022"]
[Source "ChessBase"]
[SourceDate "2021.10.06"]
[SourceVersion "1"]
[SourceVersionDate "2021.10.06"]
[SourceQuality "1"]

1. e4 c5 2. Nf3 d6 3. d4 cxd4 4. Nxd4 Nf6 5. Nc3 a6 6. Be2 e6 7. Bg5 Be7 8. Be3 Qc7 9. O-O Bd7 10. Qd2 O-O 11. f4 Nc6 12. Nf3 b5 13. a3 Rfc8 14. Qe1 d5 15. e5 Ng4 16. Bd2 Qb6+ 17. Kh1 Bc5 18. Nd1 Ne3 19. Bxe3 Bxe3 20. Qh4 Rf8 21. Bd3 h6 22. Ng5 Bc5 23. Nh7 Be7 24. Nf6+ Bxf6 25. exf6 Qd8 26. g4 e5 27. g5 e4 28. fxg7 Kxg7 29. Qxh6+ Kg8 30. f5 Bxf5 31. Rxf5 Ne7 32. Rf3 Nf5 33. Rxf5 exd3 34. g6 1-0

[Event "Scarborough CC ch Reserves"]
[Site "Toronto CAN"]
[Date "2012.04.05"]
[Round "3"]
[White "Fan, Yibing"]
[Black "Egorov, Mikhail"]
[Result "0-1"]
[WhiteElo "1745"]
[BlackElo "2081"]
[PlyCount "78"]
[GameId "2160767909510105"]
[EventDate "2012.03.22"]
[EventType "swiss"]
[EventRounds "9"]
[EventCountry "CAN"]
[SourceTitle "EXT 2022"]
[Source "ChessBase"]
[SourceDate "2021.10.06"]
[SourceVersion "1"]
[SourceVersionDate "2021.10.06"]
[SourceQuality "1"]

1. d4 Nf6 2. c4 g6 3. Nc3 Bg7 4. e4 d6 5. Nge2 O-O 6. Ng3 c5 7. d5 e6 8. Be2 exd5 9. cxd5 h5 10. Bg5 a6 11. a4 Qe8 12. Qd2 Nh7 13. Bh6 h4 14. Bxg7 Kxg7 15. Nf1 Nd7 16. Ne3 Ndf6 17. f3 Bd7 18. Nc4 Qe7 19. Qf4 Ne8 20. Nb6 Rd8 21. g3 h3 22. O-O Nef6 23. Qe3 Rfe8 24. Rae1 Qe5 25. Bd3 Bc8 26. f4 Qd4 27. Qxd4 cxd4 28. Nb1 Nd7 29. a5 Nc5 30. Nxc8 Nxd3 31. Rd1 Nxb2 32. Rxd4 Rxc8 33. Rb4 Rc2 34. Rxb7 Rg2+ 35. Kh1 Nd3 36. Nc3 Nf2+ 37. Rxf2 Rxf2 38. Kg1 Rg2+ 39. Kf1 Rc8 0-1

[Event "Scarborough CC ch Reserves"]
[Site "Toronto CAN"]
[Date "2012.04.05"]
[Round "3"]
[White "Karpik, Steve"]
[Black "Yie, Kevin Yi Xiao"]
[Result "0-1"]
[WhiteElo "1447"]
[BlackElo "1678"]
[PlyCount "62"]
[GameId "2160767909510106"]
[EventDate "2012.03.22"]
[EventType "swiss"]
[EventRounds "9"]
[EventCountry "CAN"]
[SourceTitle "EXT 2022"]
[Source "ChessBase"]
[SourceDate "2021.10.06"]
[SourceVersion "1"]
[SourceVersionDate "2021.10.06"]
[SourceQuality "1"]

1. Nf3 Nf6 2. g3 d5 3. c4 c6 4. b3 g6 5. Bb2 Bg7 6. Bg2 O-O 7. O-O Re8 8. d4 Bf5 9. e3 Nbd7 10. Nbd2 Nb6 11. c5 Nc8 12. b4 Nd7 13. Qc1 e5 14. dxe5 Nxe5 15. Nxe5 Bxe5 16. Bxe5 Rxe5 17. Nf3 Re8 18. Nd4 Bd7 19. Re1 Ne7 20. e4 dxe4 21. Bxe4 Bg4 22. Nb3 Nd5 23. a3 Qf6 24. Bg2 Nc3 25. Qd2 Ne2+ 26. Kf1 Rad8 27. Qh6 Qc3 28. h3 Bf3 29. Na5 Nxg3+ 30. fxg3 Bxg2+ 31. Kxg2 Rxe1 0-1

[Event "Scarborough CC ch Reserves"]
[Site "Toronto CAN"]
[Date "2012.04.05"]
[Round "3"]
[White "Li, Yinshi"]
[Black "Crnilovic, Grisha"]
[Result "1-0"]
[WhiteElo "1777"]
[BlackElo "1558"]
[PlyCount "27"]
[GameId "2160767909510107"]
[EventDate "2012.03.22"]
[EventType "swiss"]
[EventRounds "9"]
[EventCountry "CAN"]
[SourceTitle "EXT 2022"]
[Source "ChessBase"]
[SourceDate "2021.10.06"]
[SourceVersion "1"]
[SourceVersionDate "2021.10.06"]
[SourceQuality "1"]

1. d4 e5 2. dxe5 Nc6 3. Nf3 Qe7 4. g3 Nxe5 5. Nxe5 Qxe5 6. Bg2 c6 7. Nc3 d5 8. O-O Qh5 9. e4 Bg4 10. Qd4 Bf3 11. exd5 cxd5 12. Bxf3 Qxf3 13. Nxd5 O-O-O 14. Qc4+ 1-0

[Event "Scarborough CC ch Reserves"]
[Site "Toronto CAN"]
[Date "2012.04.05"]
[Round "3"]
[White "Maister, Martin"]
[Black "Kurkowski, Ken"]
[Result "1/2-1/2"]
[WhiteElo "1729"]
[BlackElo "1556"]
[PlyCount "98"]
[GameId "2160767909510108"]
[EventDate "2012.03.22"]
[EventType "swiss"]
[EventRounds "9"]
[EventCountry "CAN"]
[SourceTitle "EXT 2022"]
[Source "ChessBase"]
[SourceDate "2021.10.06"]
[SourceVersion "1"]
[SourceVersionDate "2021.10.06"]
[SourceQuality "1"]

1. c4 g6 2. Nf3 Bg7 3. d4 Nf6 4. Nc3 d5 5. e3 O-O 6. cxd5 Nxd5 7. Be2 c5 8. O-O Nc6 9. Qb3 Nxc3 10. bxc3 cxd4 11. exd4 e6 12. a4 b6 13. Ba3 Re8 14. Rfd1 Bb7 15. Rab1 Rc8 16. Nd2 Na5 17. Qb2 Bd5 18. Bb5 Bc6 19. Bb4 Bxb5 20. axb5 Nc4 21. Nxc4 Rxc4 22. Ra1 Qc7 23. Qb3 Rc8 24. Qa3 Ra8 25. Rd3 Rc8 26. g3 Ra8 27. Rad1 Bf8 28. Bxf8 Rxf8 29. Re1 Rc8 30. Ree3 Qd7 31. Qb3 Qc7 32. Qa3 Qd7 33. Qa6 Qc7 34. d5 exd5 35. Qa3 Qd7 36. Re7 Qf5 37. Rde3 Qf6 38. Qxa7 Rxc3 39. Rxc3 Rxc3 40. Re8+ Kg7 41. Qa8 Rc1+ 42. Kg2 Qa1 43. Rg8+ Kh6 44. Qf8+ Kh5 45. Qxf7 Rg1+ 46. Kh3 Qb1 47. Qxd5+ Qf5+ 48. g4+ Rxg4 49. Qxf5+ gxf5 1/2-1/2

[Event "Scarborough CC ch Reserves"]
[Site "Toronto CAN"]
[Date "2012.04.05"]
[Round "3"]
[White "Mesiti, Silvano"]
[Black "Gillis, Doug"]
[Result "0-1"]
[WhiteElo "1550"]
[BlackElo "1649"]
[PlyCount "33"]
[GameId "2160767909510109"]
[EventDate "2012.03.22"]
[EventType "swiss"]
[EventRounds "9"]
[EventCountry "CAN"]
[SourceTitle "EXT 2022"]
[Source "ChessBase"]
[SourceDate "2021.10.06"]
[SourceVersion "1"]
[SourceVersionDate "2021.10.06"]
[SourceQuality "1"]

1. e4 e6 2. Nf3 d5 3. exd5 exd5 4. d4 Bg4 5. Be2 Bd6 6. Ne5 Bxe2 7. Qxe2 Qe7 8. O-O f6 9. Qh5+ g6 10. Nxg6 Qf7 11. g4 Qxg6 12. Qxd5 Qxg4+ 13. Kh1 Qh3 14. Re1+ Ne7 15. f4 Nbc6 16. Qe6 Nxd4 17. Qxh3 0-1

[Event "Scarborough CC ch Reserves"]
[Site "Toronto CAN"]
[Date "2012.04.05"]
[Round "3"]
[White "Morra, Lui"]
[Black "Azmitia, Gabriel"]
[Result "0-1"]
[WhiteElo "1719"]
[BlackElo "1521"]
[PlyCount "50"]
[GameId "2160767909510110"]
[EventDate "2012.03.22"]
[EventType "swiss"]
[EventRounds "9"]
[EventCountry "CAN"]
[SourceTitle "EXT 2022"]
[Source "ChessBase"]
[SourceDate "2021.10.06"]
[SourceVersion "1"]
[SourceVersionDate "2021.10.06"]
[SourceQuality "1"]

1. e4 e5 2. Nf3 Nc6 3. Bc4 Nf6 4. Ng5 d5 5. exd5 Na5 6. Bb5+ c6 7. dxc6 bxc6 8. Be2 h6 9. Nf3 e4 10. Ne5 Bd6 11. Ng4 Nd5 12. d3 exd3 13. Qxd3 O-O 14. Bf3 Re8+ 15. Ne3 Nxe3 16. Bxe3 Qc7 17. Kd1 Rb8 18. Kc1 Be6 19. g4 Bf4 20. g5 Red8 21. Qe2 Nc4 22. b3 Nxe3 23. fxe3 Bxg5 24. Nd2 Qe5 25. Kb1 Bf6 0-1

[Event "Scarborough CC ch Reserves"]
[Site "Toronto CAN"]
[Date "2012.04.05"]
[Round "3"]
[White "Muir, Tom"]
[Black "Bellomo, Joe"]
[Result "0-1"]
[WhiteElo "1707"]
[BlackElo "1533"]
[PlyCount "77"]
[GameId "2160767909510111"]
[EventDate "2012.03.22"]
[EventType "swiss"]
[EventRounds "9"]
[EventCountry "CAN"]
[SourceTitle "EXT 2022"]
[Source "ChessBase"]
[SourceDate "2021.10.06"]
[SourceVersion "1"]
[SourceVersionDate "2021.10.06"]
[SourceQuality "1"]

1. e4 c5 2. Nc3 d6 3. f4 Nc6 4. Nf3 g6 5. Bb5 Bd7 6. O-O Bg7 7. d3 a6 8. Bc4 e6 9. Qe1 b5 10. Bb3 Na5 11. a3 Nxb3 12. cxb3 Ne7 13. Qh4 Nc6 14. Qf2 b4 15. axb4 cxb4 16. Na4 Rb8 17. d4 Na5 18. Qc2 Bb5 19. Re1 Rc8 20. Qd1 O-O 21. Bd2 Nc6 22. d5 Nd4 23. Bxb4 Nxf3+ 24. Qxf3 Bxa4 25. Rxa4 Bxb2 26. Rxa6 Qh4 27. g3 Qh3 28. Qg2 Bd4+ 29. Kh1 Qh5 30. Bxd6 Rfe8 31. dxe6 Rxe6 32. e5 Qf5 33. Ra8 Ree8 34. Rxc8 Rxc8 35. Qe4 Qh5 36. Qxd4 Rc2 37. Qg1 Qf5 38. Qf1 Qh5 39. h4 0-1

[Event "Scarborough CC ch Reserves"]
[Site "Toronto CAN"]
[Date "2012.04.05"]
[Round "3"]
[White "Rutherdale, William"]
[Black "Graham, John"]
[Result "0-1"]
[WhiteElo "1658"]
[BlackElo "1450"]
[PlyCount "96"]
[GameId "2160767909510112"]
[EventDate "2012.03.22"]
[EventType "swiss"]
[EventRounds "9"]
[EventCountry "CAN"]
[SourceTitle "EXT 2022"]
[Source "ChessBase"]
[SourceDate "2021.10.06"]
[SourceVersion "1"]
[SourceVersionDate "2021.10.06"]
[SourceQuality "1"]

1. d4 d6 2. c4 Bd7 3. Nf3 Nf6 4. Nc3 g6 5. g3 Bg7 6. Bg2 O-O 7. O-O Nc6 8. d5 Nb4 9. Qb3 c5 10. a3 Qa5 11. Bd2 Na6 12. Ne4 Qb6 13. Nxf6+ Bxf6 14. Qxb6 axb6 15. Rab1 Nc7 16. Bh6 Rfb8 17. Nd2 b5 18. Rfd1 bxc4 19. Nxc4 b5 20. Nd2 b4 21. axb4 Rxb4 22. b3 Nb5 23. Rbc1 Nd4 24. Kf1 Nxb3 25. Nxb3 Rxb3 26. Be4 Rb4 27. Bf3 Bf5 28. Bd2 Rba4 29. Bc3 Kg7 30. e3 Ra3 31. Bxf6+ Kxf6 32. Be2 Rb8 33. Rd2 Rab3 34. Bc4 Rb1 35. Rdd1 Rxc1 36. Rxc1 Rb4 37. Ke2 Bd7 38. Kd3 Bb5 39. Bxb5 Rxb5 40. Rc4 Rb2 41. Rf4+ Kg7 42. Kc3 Ra2 43. Kd3 g5 44. Rf3 Ra4 45. Kc2 Kg6 46. g4 Rxg4 47. Kc3 f5 48. Rh3 Rh4 0-1

[Event "Scarborough CC ch Reserves"]
[Site "Toronto CAN"]
[Date "2012.04.05"]
[Round "3"]
[White "Super, Russell"]
[Black "Xu, Jeffrey"]
[Result "0-1"]
[WhiteElo "1397"]
[BlackElo "1665"]
[PlyCount "98"]
[GameId "2160767909510113"]
[EventDate "2012.03.22"]
[EventType "swiss"]
[EventRounds "9"]
[EventCountry "CAN"]
[SourceTitle "EXT 2022"]
[Source "ChessBase"]
[SourceDate "2021.10.06"]
[SourceVersion "1"]
[SourceVersionDate "2021.10.06"]
[SourceQuality "1"]

1. e4 e6 2. d4 d5 3. Nc3 Bb4 4. e5 c5 5. a3 Ba5 6. Nf3 Nc6 7. Bd2 cxd4 8. Ne2 Bb6 9. Bb4 Bc7 10. Nexd4 Nxe5 11. Be2 a5 12. Bc3 Nxf3+ 13. Nxf3 Nf6 14. O-O O-O 15. Ne5 Ne4 16. Bd4 Bb6 17. Kh1 f6 18. Bxb6 Qxb6 19. Nd3 Bd7 20. f3 Nd6 21. Qe1 e5 22. Qf2 Qxf2 23. Rxf2 Rac8 24. c3 Rfe8 25. g4 e4 26. Nf4 Bc6 27. Rd1 Re5 28. Bf1 exf3 29. Kg1 Nc4 30. Rd4 b5 31. h3 Rd8 32. Bxc4 bxc4 33. Rxf3 Re1+ 34. Kf2 Rb1 35. Rd2 d4 36. Rg3 d3 37. Rg1 Rxg1 38. Kxg1 Re8 39. Kf2 Re4 40. Nh5 Kf7 41. Ng3 Rf4+ 42. Ke1 g6 43. Nf1 Ke6 44. Rf2 Re4+ 45. Kd2 f5 46. gxf5+ gxf5 47. Ne3 f4 48. Ng2 Ke5 49. b3 Re2+ 0-1

[Event "Scarborough CC ch Reserves"]
[Site "Toronto CAN"]
[Date "2012.04.05"]
[Round "3"]
[White "Ugodnikov, Arkadiy"]
[Black "Smith, Maurice"]
[Result "1/2-1/2"]
[WhiteElo "1830"]
[BlackElo "1468"]
[PlyCount "106"]
[GameId "2160767909510114"]
[EventDate "2012.03.22"]
[EventType "swiss"]
[EventRounds "9"]
[EventCountry "CAN"]
[SourceTitle "EXT 2022"]
[Source "ChessBase"]
[SourceDate "2021.10.06"]
[SourceVersion "1"]
[SourceVersionDate "2021.10.06"]
[SourceQuality "1"]

1. e4 d6 2. d4 Nf6 3. Nc3 g6 4. Nf3 Bg7 5. h3 b6 6. Bd3 Bb7 7. O-O O-O 8. Be3 e6 9. Qd2 Nc6 10. a3 Re8 11. Bh6 Bh8 12. Rfe1 Nd7 13. Bg5 Ne7 14. Ne2 Qc8 15. Ng3 a6 16. c3 c5 17. dxc5 dxc5 18. Rac1 Ne5 19. Nxe5 Bxe5 20. f4 Bg7 21. f5 exf5 22. exf5 Nd5 23. fxg6 hxg6 24. Rxe8+ Qxe8 25. Bc4 Nf6 26. Re1 Qc6 27. Re7 Rf8 28. Qe2 b5 29. Bd3 c4 30. Bc2 Qc5+ 31. Qe3 Qd5 32. Ne4 Nxe4 33. Bxe4 Qd1+ 34. Kh2 Qd6+ 35. g3 Bc8 36. Bc2 Be6 37. Bxg6 fxg6 38. Rxe6 Qd1 39. Qe2 Qd5 40. h4 Qc5 41. Bf4 Qd5 42. Rxg6 Kh7 43. Re6 Kh8 44. Rxa6 Rd8 45. Re6 Qd3 46. h5 Kg8 47. h6 Bf8 48. Qg4+ Kh7 49. Qh5 Rd7 50. Re5 Qc2+ 51. Kh3 Qb1 52. Rf5 Qh1+ 53. Kg4 Qd1+ 1/2-1/2

[Event "Scarborough CC ch Reserves"]
[Site "Toronto CAN"]
[Date "2012.04.05"]
[Round "3"]
[White "Verde, Pino"]
[Black "Huston, Scott"]
[Result "1-0"]
[WhiteElo "1568"]
[BlackElo "1756"]
[PlyCount "81"]
[GameId "2160767909510115"]
[EventDate "2012.03.22"]
[EventType "swiss"]
[EventRounds "9"]
[EventCountry "CAN"]
[SourceTitle "EXT 2022"]
[Source "ChessBase"]
[SourceDate "2021.10.06"]
[SourceVersion "1"]
[SourceVersionDate "2021.10.06"]
[SourceQuality "1"]

1. e4 c5 2. Nf3 d6 3. d4 cxd4 4. Nxd4 Nf6 5. Nc3 a6 6. Bg5 e5 7. Nf3 b5 8. Nd5 Nbd7 9. b4 h6 10. Nxf6+ Nxf6 11. Bxf6 Qxf6 12. Qd5 Ra7 13. Qc6+ Bd7 14. Qb6 Ra8 15. a4 bxa4 16. Bxa6 Qd8 17. Qxd8+ Kxd8 18. Bc4 f5 19. Bd5 Rc8 20. c4 fxe4 21. Nd2 Bc6 22. Bxc6 Rxc6 23. Rxa4 d5 24. c5 Be7 25. Ke2 Kd7 26. Rd1 Ke6 27. Nb3 d4 28. b5 Rcc8 29. Ra6+ Kd5 30. c6 d3+ 31. Kf1 Rb8 32. f3 Kc4 33. b6 e3 34. Nc1 e2+ 35. Nxe2 dxe2+ 36. Kxe2 Kb5 37. Ra7 Bc5 38. c7 Rxb6 39. Rd8 Rc6 40. Rxh8 Bxa7 41. c8=Q 1-0

[Event "Scarborough CC ch Reserves"]
[Site "Toronto CAN"]
[Date "2012.04.05"]
[Round "3"]
[White "Ward, Dean"]
[Black "Thornton, Bill"]
[Result "1/2-1/2"]
[WhiteElo "1725"]
[BlackElo "1500"]
[PlyCount "105"]
[GameId "2160767909510116"]
[EventDate "2012.03.22"]
[EventType "swiss"]
[EventRounds "9"]
[EventCountry "CAN"]
[SourceTitle "EXT 2022"]
[Source "ChessBase"]
[SourceDate "2021.10.06"]
[SourceVersion "1"]
[SourceVersionDate "2021.10.06"]
[SourceQuality "1"]

1. d4 d5 2. c4 c6 3. e3 Nf6 4. Nc3 e6 5. cxd5 exd5 6. Bd3 Bg4 7. f3 Bh5 8. Nge2 Be7 9. Nf4 Bg6 10. Nxg6 fxg6 11. O-O O-O 12. Qb3 b6 13. Ne2 Bd6 14. e4 Bc7 15. Bg5 h6 16. Bxf6 Rxf6 17. e5 Rf8 18. Bxg6 Qg5 19. Be4 Kh8 20. f4 Qe7 21. Bc2 g5 22. f5 Bxe5 23. dxe5 Qxe5 24. Qd3 Qf6 25. Rae1 Nd7 26. Ng3 Nc5 27. Qc3 d4 28. Qd2 Rae8 29. Rd1 Rd8 30. b4 Nb7 31. Qd3 c5 32. a3 Rfe8 33. Rde1 Nd6 34. Ne4 Nxe4 35. Rxe4 Rxe4 36. Qxe4 c4 37. Rd1 d3 38. Qxc4 dxc2 39. Rxd8+ Qxd8 40. Qxc2 Qd4+ 41. Qf2 Qd1+ 42. Qf1 Qd4+ 43. Kh1 Kg7 44. h3 Kf6 45. g4 Qe4+ 46. Kh2 Qe5+ 47. Kh1 Qe4+ 48. Qg2 Qe1+ 49. Kh2 Qe5+ 50. Qg3 Qe2+ 51. Kg1 Qd1+ 52. Kf2 Qd2+ 53. Kf1 1/2-1/2

[Event "Scarborough CC ch Reserves"]
[Site "Toronto CAN"]
[Date "2012.04.05"]
[Round "3"]
[White "Wiebe, Daniel"]
[Black "Liang, Phillip"]
[Result "1-0"]
[WhiteElo "1909"]
[BlackElo "1584"]
[PlyCount "121"]
[GameId "2160767909510117"]
[EventDate "2012.03.22"]
[EventType "swiss"]
[EventRounds "9"]
[EventCountry "CAN"]
[SourceTitle "EXT 2022"]
[Source "ChessBase"]
[SourceDate "2021.10.06"]
[SourceVersion "1"]
[SourceVersionDate "2021.10.06"]
[SourceQuality "1"]

1. e4 c5 2. Nf3 e6 3. d4 cxd4 4. Nxd4 Nc6 5. Nc3 a6 6. Nxc6 bxc6 7. Bd3 d5 8. O-O Nf6 9. e5 Nd7 10. f4 g6 11. Kh1 Be7 12. Bd2 c5 13. Qg4 h5 14. Qg3 Bh4 15. Qh3 Kf8 16. Bxg6 fxg6 17. Qxe6 Nf6 18. Qc6 Bd7 19. Qxc5+ Kg7 20. exf6+ Bxf6 21. Qxd5 Bf5 22. Be3 Re8 23. Rfe1 Bxc2 24. Rac1 Bf5 25. Rcd1 Qxd5 26. Nxd5 Rad8 27. Nxf6 Kxf6 28. Rxd8 Rxd8 29. Kg1 Be6 30. a3 Kf5 31. Kf2 a5 32. b4 axb4 33. axb4 Rd5 34. Re2 Bd7 35. Rd2 Rxd2+ 36. Bxd2 Ke4 37. Kg3 Kd3 38. Be1 Ke2 39. Bc3 Kd3 40. Be5 Kc4 41. Bd6 Kd5 42. Bc5 Ke4 43. h3 Kf5 44. Bd6 g5 45. fxg5 Kxg5 46. Be7+ Kh6 47. Kh4 Kg6 48. g4 hxg4 49. hxg4 Kf7 50. Bd8 Kg6 51. Kg3 Kf7 52. Kf4 Ke8 53. Bf6 Kf7 54. g5 Kg6 55. Ke5 Ba4 56. Kd6 Be8 57. Kc5 Bd7 58. b5 Bxb5 59. Kxb5 Kf5 60. Kc5 Ke6 61. Kd4 1-0

[Event "Scarborough CC ch Reserves"]
[Site "Toronto CAN"]
[Date "2012.04.05"]
[Round "3"]
[White "Zhang, John"]
[Black "Dattani, Dinesh"]
[Result "1-0"]
[WhiteElo "1759"]
[BlackElo "1359"]
[PlyCount "39"]
[GameId "2160767909510118"]
[EventDate "2012.03.22"]
[EventType "swiss"]
[EventRounds "9"]
[EventCountry "CAN"]
[SourceTitle "EXT 2022"]
[Source "ChessBase"]
[SourceDate "2021.10.06"]
[SourceVersion "1"]
[SourceVersionDate "2021.10.06"]
[SourceQuality "1"]

1. e4 e5 2. Nf3 d6 3. d4 exd4 4. Nxd4 Be7 5. Bc4 Nf6 6. Nc3 O-O 7. f3 Re8 8. Be3 Nbd7 9. Qd2 Ne5 10. Bb3 c6 11. O-O-O a5 12. a4 h6 13. h3 Qc7 14. f4 Ned7 15. Nf5 Bf8 16. Qd3 b6 17. Bd4 Ba6 18. Qg3 g6 19. Qxg6+ Kh8 20. Bxf6+ 1-0

[Event "Scarborough CC ch Reserves"]
[Site "Toronto CAN"]
[Date "2012.04.05"]
[Round "3"]
[White "Zhao, Harry"]
[Black "Song, Eric"]
[Result "1-0"]
[WhiteElo "1371"]
[BlackElo "1625"]
[PlyCount "103"]
[GameId "2160767909510119"]
[EventDate "2012.03.22"]
[EventType "swiss"]
[EventRounds "9"]
[EventCountry "CAN"]
[SourceTitle "EXT 2022"]
[Source "ChessBase"]
[SourceDate "2021.10.06"]
[SourceVersion "1"]
[SourceVersionDate "2021.10.06"]
[SourceQuality "1"]

1. e4 e5 2. Nf3 Nc6 3. Bc4 Nf6 4. Ng5 d5 5. exd5 Na5 6. Bb3 Nxb3 7. axb3 Bc5 8. O-O O-O 9. d3 Re8 10. c4 Qd6 11. Ne4 Nxe4 12. dxe4 f5 13. Nc3 a6 14. Be3 f4 15. Bxc5 Qxc5 16. Qd3 Qd6 17. Nb5 Qc5 18. d6 Rd8 19. Rfd1 Bg4 20. Nxc7 Rac8 21. Qd5+ Qxd5 22. Rxd5 Kf7 23. f3 Be6 24. Rdd1 Bd7 25. c5 Bc6 26. b4 g5 27. Kf2 h5 28. Nd5 Rb8 29. Rd2 g4 30. Ne7 Bb5 31. Rd5 Ke6 32. b3 Rd7 33. Rad1 Bc6 34. R5d2 Bb5 35. fxg4 hxg4 36. h4 g3+ 37. Kf3 Rh8 38. Rh1 Rhd8 39. Rdd1 Rh8 40. h5 Rdd8 41. h6 Bd7 42. h7 Kf6 43. Rh6+ Kf7 44. Rdh1 Rde8 45. Ng6 Rhf8 46. Nxf8 Rxf8 47. h8=Q Rxh8 48. Rxh8 Be6 49. R1h7+ Kg6 50. Rh6+ Kg5 51. Rxe6 a5 52. d7 1-0

[Event "Scarborough CC ch Reserves"]
[Site "Toronto CAN"]
[Date "2012.04.05"]
[Round "3"]
[White "Zhao, Yanchun"]
[Black "Sharpe, Sam"]
[Result "0-1"]
[WhiteElo "1409"]
[BlackElo "1978"]
[PlyCount "50"]
[GameId "2160767909510120"]
[EventDate "2012.03.22"]
[EventType "swiss"]
[EventRounds "9"]
[EventCountry "CAN"]
[SourceTitle "EXT 2022"]
[Source "ChessBase"]
[SourceDate "2021.10.06"]
[SourceVersion "1"]
[SourceVersionDate "2021.10.06"]
[SourceQuality "1"]

1. d4 e6 2. c4 f5 3. Nf3 Nf6 4. a3 Be7 5. Nc3 O-O 6. Bf4 d6 7. Qc2 a5 8. h3 Bd7 9. Rd1 Qe8 10. e4 fxe4 11. Nxe4 Ba4 12. Nxf6+ Rxf6 13. b3 Bxb3 14. Qxb3 Rxf4 15. Qxb7 Nc6 16. Qb1 Bf6 17. Qb2 Nxd4 18. Nxd4 c5 19. Qb6 Bxd4 20. Qxd6 Bxf2+ 21. Ke2 Rf6 22. g4 Bd4 23. Bg2 Rf2+ 24. Ke1 Rxg2 25. Rf1 Bc3+ 0-1

[Event "Scarborough CC ch Reserves"]
[Site "Toronto CAN"]
[Date "2012.04.05"]
[Round "3"]
[White "Zhong, Joey"]
[Black "Shebetah, Wajdy"]
[Result "0-1"]
[WhiteElo "1566"]
[BlackElo "2071"]
[PlyCount "50"]
[GameId "2160767909510121"]
[EventDate "2012.03.22"]
[EventType "swiss"]
[EventRounds "9"]
[EventCountry "CAN"]

1. d4 e6 2. Nf3 f5 3. g3 Nf6 4. Bg2 d5 5. c4 c6 6. Nbd2 Bd6 7. O-O Nbd7 8. b3 O-O 9. Bb2 Ne4 10. cxd5 exd5 11. Ne5 Nxd2 12. Qxd2 Qe7 13. f4 a5 14. a3 Nf6 15. e3 Bd7 16. Rfc1 Be8 17. Bc3 Bxa3 18. Bxa5 Bxc1 19. Rxc1 Qa3 20. Bb4 Qxb3 21. Bxf8 Kxf8 22. Rc2 Ra1+ 23. Kf2 Qb1 24. Ke2 Bh5+ 25. Kd3 Ra3+ 0-1

[Event "Scarborough CC ch Reserves"]
[Site "Toronto CAN"]
[Date "2012.04.12"]
[Round "4"]
[White "Aghamalian, Leonid"]
[Black "Verde, Pino"]
[Result "1-0"]
[WhiteElo "1415"]
[BlackElo "1568"]
[PlyCount "119"]
[GameId "2160767909510123"]
[EventDate "2012.03.22"]
[EventType "swiss"]
[EventRounds "9"]
[EventCountry "CAN"]
[SourceTitle "EXT 2022"]
[Source "ChessBase"]
[SourceDate "2021.10.06"]
[SourceVersion "1"]
[SourceVersionDate "2021.10.06"]
[SourceQuality "1"]

1. e4 d6 2. d4 c5 3. Nf3 Nf6 4. Nc3 cxd4 5. Qxd4 Nc6 6. Bb5 Bd7 7. Qd1 a6 8. Bc4 b5 9. Bb3 b4 10. Na4 e6 11. O-O Nxe4 12. Be3 Rb8 13. Qd3 d5 14. Qxa6 Bd6 15. Nb6 Nc5 16. Bxc5 Bxc5 17. Nxd7 Qxd7 18. Ba4 Rb6 19. Qa8+ Qd8 20. Bxc6+ Ke7 21. Qxd8+ Rxd8 22. Ba4 f6 23. Rfe1 d4 24. Bb3 g6 25. h3 d3 26. cxd3 Rxd3 27. Rad1 Rxd1 28. Rxd1 Rd6 29. Rxd6 Kxd6 30. Bc4 e5 31. Nd2 f5 32. Bg8 Ke7 33. Nc4 Bd4 34. Bxh7 Kf7 35. Bxg6+ Kxg6 36. b3 f4 37. Na5 Kf5 38. Nc6 Bc5 39. Kf1 e4 40. Ke2 Ke6 41. Na5 Kf5 42. Nc4 Ke6 43. Nd2 Kf5 44. g4+ fxg3 45. fxg3 Bd6 46. Nf1 Bc5 47. Ne3+ Kg5 48. Nc2 Kf5 49. Ne3+ Kg5 50. Nc4 Kf5 51. Nd2 Bd6 52. g4+ Kf4 53. g5 Bf8 54. g6 Kg5 55. Nxe4+ Kxg6 56. Kd3 Kf5 57. Nd2 Ke5 58. Kc4 Be7 59. Nf1 Bf8 60. Ne3 1-0